000 00474nam a22001457a 4500
022 _a0803125267
082 _a602.18
_bAME
100 _aASTM
_925089
245 _a1998 Annual book of ASTM standards; chemical-resistant materials; vitrifies clay, concrete, fiber-cement products; mortars; masonry section 4
260 _aUSA:
_bASTM;
_c1998
300 _axxi, 1094 p;
_bill:;
_c24 cm
526 _a0
_b0
_c0
_d602_180000000000000_AME
650 _aMCE
_9379
942 _2ddc
_cBK
999 _c550461
_d550461